| Tag |
First Indicator |
Second Indicator |
Subfields |
| LEADER |
00000cam a2200000 i 4500 |
| 001 |
in00004081921 |
| 005 |
20200117104440.0 |
| 008 |
190803t20192019waua b 001 0 eng c |
| 010 |
|
|
|a 2019004927
|
| 020 |
|
|
|a 9780999652275
|q (hardcover)
|
| 020 |
|
|
|a 0999652273
|
| 035 |
|
|
|a (OCoLC)on1083575943
|
| 040 |
|
|
|a DLC
|e rda
|c DLC
|d UtOrBLW
|
| 043 |
|
|
|a n-us-in
|
| 049 |
|
|
|a TXAM
|
| 050 |
0 |
0 |
|a AM231
|b .M85 2019
|
| 082 |
0 |
0 |
|a 790.1/32
|2 23
|
| 100 |
1 |
|
|a Mueller, Shirley M.,
|e author.
|0 http://id.loc.gov/authorities/names/no2019118372
|
| 245 |
1 |
0 |
|a Inside the head of a collector :
|b neuropsychological forces at play /
|c Shirley M. Mueller, M.D.
|
| 264 |
|
1 |
|a Seattle :
|b Lucia/Marquand,
|c [2019]
|
| 264 |
|
4 |
|c ©2019
|
| 300 |
|
|
|a 191 pages :
|b chiefly color illustrations ;
|c 28 cm.
|
| 336 |
|
|
|a text
|b txt
|2 rdacontent
|
| 337 |
|
|
|a unmediated
|b n
|2 rdamedia
|
| 338 |
|
|
|a volume
|b nc
|2 rdacarrier
|
| 504 |
|
|
|a Includes bibliographical references (page 186) and indexes.
|
| 505 |
0 |
|
|a Why we collect -- Foreword / by Dominic Jellinek -- The thrill of the chase -- Novelty and discovery -- Social benefits -- Fakes -- Breakage and loss -- Collecting gone awry -- Neural and behavioral economics -- Brain mechanisms at work -- The collector's decision -- The irrationality of it all -- Bargains -- Art as an investment -- Museum relationships -- Collection dispersal -- Using neuroscience and behavioral economics beyond collecting -- My guest curator's story -- Epilogue: Beyond Freud.
|
| 520 |
|
|
|a Collecting objects gives enormous pleasure to approximately one third of the population. On the other hand, the same pursuit can engender pain. Now, for the first time, scientific research in neuro- and behavioral economics gives us a way to enhance the positive aspects of collecting and minimize the negative. Author Shirley M. Mueller, MD, relates her own experiences as a serious collector and as a neuroscientist to examine different behavioral traits which characterize collectors.
|
| 650 |
|
0 |
|a Collectors and collecting
|x Psychological aspects
|v Case studies.
|
| 650 |
|
0 |
|a Economics
|x Psychological aspects
|v Case studies.
|
| 650 |
|
0 |
|a Neuroeconomics.
|0 http://id.loc.gov/authorities/subjects/sh2005008805
|
| 945 |
|
|
|b 209633
|
| 947 |
|
|
|a A14850841447
|
| 948 |
|
|
|a cataloged
|b h
|c 2019/11/6
|d c
|e dmitchel
|f 11:20:10 am
|
| 994 |
|
|
|a 92
|b TXA
|
| 999 |
f |
f |
|s 02091bc6-dad9-3f7e-a65b-b06e07bceac3
|i 2bd81332-3019-3984-b057-acf8ac7ad9bc
|t 0
|
| 952 |
f |
f |
|p normal
|a Texas A&M University
|b College Station
|c Sterling C. Evans Library
|d Evans: Library Stacks
|t 0
|e AM231 .M85 2019
|h Library of Congress classification
|i unmediated -- volume
|m A14850841447
|
| 998 |
f |
f |
|a AM231 .M85 2019
|t 0
|l Evans: Library Stacks
|